| 000 | 00611nam a2200241Ia 4500 | ||
|---|---|---|---|
| 003 | OSt | ||
| 005 | 20221007101635.0 | ||
| 006 | a|||||r|||| 00| 0 | ||
| 007 | ta | ||
| 008 | 221006b |||||||| |||| 00| 0 eng d | ||
| 024 | _a6,884 | ||
| 037 | _cTextual | ||
| 040 |
_aLCO _cLCO _beng |
||
| 041 |
_2eng _aeng |
||
| 082 | _aZ2,8qN71, L3 | ||
| 100 | _aRAMACHANDRAN V G | ||
| 245 | 0 | _aThe Contempt of Court. | |
| 260 |
_aLucknow _bEastern Book Co. _c1973 |
||
| 300 | _a960 | ||
| 650 |
_aCOURT _9702532 |
||
| 942 |
_hZ2,8qN71, L3 _cTEXL |
||
| 999 |
_c1176447 _d1176447 |
||